Managent; principles and applications (Record no. 168)
[ view plain ]
| 000 -LEADER | |
|---|---|
| fixed length control field | 00853nam a22002657a 4500 |
| 003 - CONTROL NUMBER IDENTIFIER | |
| control field | BUBTL |
| 008 - FIXED-LENGTH DATA ELEMENTS--GENERAL INFORMATION | |
| fixed length control field | 130421b xxu||||| |||| 00| 0 eng d |
| 020 ## - INTERNATIONAL STANDARD BOOK NUMBER | |
| International Standard Book Number | 978-81-315-1617-1 |
| 024 ## - OTHER STANDARD IDENTIFIER | |
| Terms of availability | Available |
| 037 ## - SOURCE OF ACQUISITION | |
| Terms of availability | Available |
| Form of issue | for issue |
| 082 ## - DEWEY DECIMAL CLASSIFICATION NUMBER | |
| Edition number | 22 |
| Classification number | 658 GRM |
| 100 ## - MAIN ENTRY--PERSONAL NAME | |
| Personal name | Griffin, Ricky W |
| 245 ## - TITLE STATEMENT | |
| Title | Managent; principles and applications |
| Remainder of title | Managent; principles and applications |
| 250 ## - EDITION STATEMENT | |
| Edition statement | 10th Edition |
| Remainder of edition statement | 10th Edition |
| 260 ## - PUBLICATION, DISTRIBUTION, ETC. (IMPRINT) | |
| Place of publication, distribution, etc. | New Delhi |
| Name of publisher, distributor, etc. | Cengage Learning |
| Date of publication, distribution, etc. | 2012 |
| 300 ## - PHYSICAL DESCRIPTION | |
| Extent | 24cm |
| Other physical details | 826 page |
| Type of unit | 12 |
| Size of unit | 18cm |
| 600 ## - SUBJECT ADDED ENTRY--PERSONAL NAME | |
| Personal name | Management |
| 650 ## - SUBJECT ADDED ENTRY--TOPICAL TERM | |
| Source of heading or term | Management |
| 700 ## - ADDED ENTRY--PERSONAL NAME | |
| Personal name | Griffin Ricky W |
| Titles and other words associated with a name | Management;principles and applications |
| 856 ## - ELECTRONIC LOCATION AND ACCESS | |
| Password | 0 |
| Logon | 0 |
| Link text | Download |
| 270 ## - ADDRESS | |
| Address | New Delhi, India |
| City | New Delhi |
| Country | India |
| 365 ## - TRADE PRICE | |
| Price amount | 750.00 |
| Unit of pricing | 750.00 |
| 942 ## - ADDED ENTRY ELEMENTS (KOHA) | |
| Source of classification or shelving scheme | |
| Koha item type | Books |
| Call number prefix | 658 |
| Call number suffix | GRM |
No items available.
